000 nam a22 7a 4500
999 _c128601
_d128601
008 181121b xxu||||| |||| 00| 0 eng d
050 _aPQ2191.Z5
_bS249
100 _aSartre, Jean-Paul
_96629
245 _aBaudelaire
_cJean-Paul Sartre translated from the French by Martin Turnell
260 _aNew York
_bNew Direction Publishing Corporation
_c1950
300 _a192p. ;
_c20cm.
600 _aBaudelaire, Cahrles Pierre
_943537
700 _aTurnell, Martin (tr.)
_943538
942 _2lcc
_cMONOGRAPH